Rural development institutions and programmes in India/ (Record no. 11918)

MARC details
000 -LEADER
fixed length control field 00622nam a22001937a 4500
005 - DATE AND TIME OF LATEST TRANSACTION
control field 20240902073103.0
008 - FIXED-LENGTH DATA ELEMENTS--GENERAL INFORMATION
fixed length control field 240902b |||||||| |||| 00| 0 eng d
020 ## - INTERNATIONAL STANDARD BOOK NUMBER
International Standard Book Number 9788197377525
040 ## - CATALOGING SOURCE
Original cataloging agency IN-DiNC
Transcribing agency IN-DiNC
041 ## - LANGUAGE CODE
Language code of sung or spoken text English
082 ## - DEWEY DECIMAL CLASSIFICATION NUMBER
Classification number 333
Item number AHM
100 ## - MAIN ENTRY--PERSONAL NAME
Personal name Ahmed, Rofique
Relator term Author
245 ## - TITLE STATEMENT
Title Rural development institutions and programmes in India/
Statement of responsibility, etc. by Rofique Ahmed and Julfiqueara Begum
260 ## - PUBLICATION, DISTRIBUTION, ETC.
Place of publication, distribution, etc. Jorhat:
Name of publisher, distributor, etc. North East Institute of Research Consultancy and Publication,
Date of publication, distribution, etc. 2024.
300 ## - PHYSICAL DESCRIPTION
Extent 240p.
650 ## - SUBJECT ADDED ENTRY--TOPICAL TERM
Topical term or geographic name entry element Rural developmentin India
700 ## - ADDED ENTRY--PERSONAL NAME
Personal name Begum, Julfiqueara
Relator term Author
942 ## - ADDED ENTRY ELEMENTS (KOHA)
Source of classification or shelving scheme Dewey Decimal Classification
Koha item type Books
Holdings
Withdrawn status Lost status Source of classification or shelving scheme Damaged status Not for loan Collection code Home library Current library Shelving location Date acquired Cost, normal purchase price Total Checkouts Full call number Barcode Date last seen Copy number Price effective from Koha item type
    Dewey Decimal Classification     Economics Central Library, Naharkatiya College Central Library, Naharkatiya College General Stacks 02/09/2024 250.00   333 AHM 30220 02/09/2024 1 02/09/2024 Books
    Dewey Decimal Classification     Economics Central Library, Naharkatiya College Central Library, Naharkatiya College General Stacks 02/09/2024 250.00   333 AHM 30221 02/09/2024 2 02/09/2024 Books

Naharkatiya College © 2020. All rights reserved.

Powered By